| 000 | 02184nam0a2200385 4500 | ||
|---|---|---|---|
| 001 | RU\NLR\BIBL_A\022550833 | ||
| 005 | 20250721123634.0 | ||
| 010 |
_a978-5-7782-5299-8 _93000 |
||
| 035 | _a(NLR Aleph) 022550833 | ||
| 090 |
_a13450821 _c13450821 |
||
| 100 | _a20250526d2024 |||y0rusy50 ca | ||
| 101 | 0 |
_arus _deng _eeng |
|
| 102 | _aRU | ||
| 105 | _aa z 000zy | ||
| 181 | 0 |
_ai3 _baxxe |
|
| 182 | 0 | _an | |
| 200 | 1 |
_aЛексические регионализмы Новосибирска: типология и лексикографическая интерпретация _dTypology and lexicographic interpretation: lexical regionalisms of Novosibirsk _eмонография _fИ. В. Матвеева _zeng |
|
| 203 |
_aТекст _bвизуальный _cнепосредственный |
||
| 210 |
_aНовосибирск _cИзд-во Новосибирского государственного техничесого университета _d2024 |
||
| 215 |
_a215 с. _cил., табл. _d22 |
||
| 225 | 1 |
_aМонографии НГТУ _fредкол.: д-р техн. наук, проф. (пред.) А. А. Батаев [и др.] |
|
| 300 | _aАвт. также на англ. яз.: I. V. Matveeva | ||
| 300 | _aНа 4-й с. обл. авт.: Матвеева И. В. - канд. филол. наук, преподаватель | ||
| 300 | _aРез. на англ. яз. | ||
| 320 | _aБиблиогр.: с. 136-156 и в подстроч. примеч. | ||
| 510 | 1 |
_6z20790 _aTypology and lexicographic interpretation: lexical regionalisms of Novosibirsk _zeng |
|
| 606 | 1 |
_aРусский язык _xЛексика диалектная _91546345 _3RU\NLR\AUTH\66975849 |
|
| 606 | 1 |
_aРусский язык _xДиалекты _yНовосибирск, город _92281241 _3RU\NLR\AUTH\6601594962 |
|
| 686 | 1 | _aШ141.12-518 | |
| 700 | 1 |
_7ca _8rus _aМатвеева _bИ. В. _cканд. филол. наук, рус. яз. _gИрина Владимировна _9262052 _3RU\NLR\AUTH\770262108 |
|
| 790 | 1 |
_6z20510 _aMatveeva _bI. V. _gIrina Vladimirovna |
|
| 942 | _cBOOK | ||
| 980 | _aNB | ||